Logos en rose/violet 🟣 - Statistiques

Statistiques générales
  • Ce quiz a Ă©tĂ© pris 4 532 fois
  • Le rĂ©sultat moyen est 6 sur 9
Statistiques - réponses
Par images Réponse % Correct
Milka
99%
Instagram
96%
Twitch
95%
Barbie
94%
Yahoo
91%
FedEx
76%
OneNote
31%
Lyft
10%
Baskin Robbins
6%
Aucun quiz correspondant
Distribution des résultats
% des personnes avec chaque résultat
Percentile par nombre de réponses
Votre historique - résultats
Vous n’avez pas pris ce quiz